000 nam a22 7a 4500
999 _c8296
_d8296
008 171218b xxu||||| |||| 00| 0 eng d
100 _aKirti
_94717
245 _aAesthetics Art-8
260 _aNew Delhi